000 00191 a2200097 4500
020 _a9780061245022
041 _aeng
100 _aKAthryn Smith
245 _aTaken by the Night
942 _cBK
999 _c30584
_d30582